[Event "Taujenai Manor Cup"]
[Site "Taujenai"]
[Date "2021.11.27"]
[Round "2"]
[White "Sumskis, Rimvydas"]
[Black "Laurusas, Tomas"]
[Result "0-1"]
[WhiteElo "1895"]
[BlackElo "2550"]
[PlyCount "66"]
[EventDate "2021.11.27"]
[EventType "swiss (rapid)"]
[EventRounds "9"]
[EventCountry "LTU"]
[SourceTitle "EXT 2023"]
[Source "ChessBase"]
[SourceDate "2022.10.05"]
[SourceVersion "1"]
[SourceVersionDate "2022.10.05"]
[SourceQuality "1"]

1. e4 c6 2. d4 d5 3. Nc3 a6 4. Nf3 Bg4 5. Be2 e6 6. 0-0 Nf6 7. exd5 cxd5 8. Ne5 Bxe2 9. Qxe2 Be7 10. Re1 0-0 11. Qd3 Nc6 12. Nxc6 bxc6 13. Bf4 c5 14. Be5 Nd7 15. Qg3 Nxe5 16. dxe5 Rb8 17. Rab1 Qa5 18. a3 d4 19. Ne4 Rxb2 20. Nf6+ Kh8 21. Qh4 gxf6 22. exf6 Rxb1 23. Rxb1 Bd6 24. f4 Qd2 25. g3 Qxc2 26. Rb6 Qd1+ 27. Kg2 Qe2+ 28. Kg1 Qe1+ 29. Kg2 Qe4+ 30. Kg1 Qd5 31. Rxa6 d3 32. Qh6 Rg8 33. Ra7 d2 0-1

[Event "LTU-ch Rapid op"]
[Site "Taujenai"]
[Date "2019.10.20"]
[Round "9.6"]
[White "Vardanyan, Aras"]
[Black "Sumskis, Rimvydas"]
[Result "1-0"]
[WhiteElo "2159"]
[BlackElo "1912"]
[PlyCount "103"]
[EventDate "2019.10.19"]
[EventType "swiss (rapid)"]
[EventRounds "11"]
[EventCountry "LTU"]
[SourceTitle "EXT 2023"]
[Source "ChessBase"]
[SourceDate "2022.10.05"]
[SourceVersion "1"]
[SourceVersionDate "2022.10.05"]
[SourceQuality "1"]

1. d4 Nf6 2. c4 e6 3. Nf3 b6 4. g3 Bb7 5. Bg2 Bb4+ 6. Nbd2 0-0 7. 0-0 h6 8. Qc2 d5 9. Ne5 c5 10. Ndf3 cxd4 11. Nxd4 Bc5 12. Rd1 Nbd7 13. Nec6 Qc8 14. cxd5 exd5 15. Qxc5 Nxc5 16. Ne7+ Kh8 17. Nxc8 Rfxc8 18. Bf4 Ne6 19. Bh3 Nxd4 20. Bxc8 Nxe2+ 21. Kf1 Nxg3+ 22. hxg3 Bxc8 23. Be5 Bh3+ 24. Kg1 Be6 25. Bxf6 gxf6 26. Rac1 Rd8 27. Rd4 Rd7 28. f4 Kg7 29. Kf2 f5 30. Rc3 Kg6 31. Ke3 Kg7 32. Ra4 Kg6 33. Kd4 f6 34. Rca3 a5 35. b4 axb4 36. Rxb4 Rd6 37. Rab3 Rc6 38. Rc3 Rd6 39. Rc7 Bf7 40. Rb7 Re6 41. R7xb6 Re4+ 42. Kd3 Re1 43. Kd4 Rd1+ 44. Kc5 Rc1+ 45. Kd6 d4 46. a4 d3 47. Rd4 Rd1 48. a5 d2 49. a6 Be8 50. a7 Ra1 51. Ke7 Bf7 52. Rxf6+ 1-0

[Event "LTU-chT"]
[Site "Lithuania"]
[Date "2019.03.30"]
[Round "4.1"]
[White "Sumskis, Rimvydas"]
[Black "Butvilas, Aistis"]
[Result "1/2-1/2"]
[WhiteElo "2004"]
[BlackElo "2036"]
[PlyCount "78"]
[EventDate "2019.01.26"]
[EventType "team-swiss"]
[EventRounds "7"]
[EventCountry "LTU"]
[SourceTitle "CBM 189 Extra"]
[Source "ChessBase"]
[SourceDate "2019.06.03"]
[SourceVersion "1"]
[SourceVersionDate "2019.06.03"]
[SourceQuality "1"]
[WhiteTeam "Marijampole Suduva"]
[BlackTeam "Kaunas Margiris II"]
[WhiteTeamCountry "LTU"]
[BlackTeamCountry "LTU"]

1. e4 c5 2. Nf3 Nc6 3. Bb5 g6 4. 0-0 Bg7 5. c3 Nf6 6. Re1 0-0 7. d4 cxd4 8. cxd4 d6 9. Nc3 Bd7 10. h3 Rc8 11. Be3 a6 12. Bxc6 bxc6 13. Qd2 Rb8 14. e5 Ne8 15. Bh6 Bxh6 16. Qxh6 f6 17. e6 Bc8 18. Re4 Ng7 19. Rh4 Nh5 20. g4 Bxe6 21. gxh5 g5 22. Re4 Bxh3 23. Kh2 Bf5 24. Re2 Kh8 25. Rae1 e6 26. d5 e5 27. Nd4 Qc8 28. dxc6 Bd3 29. Rd2 Bc4 30. c7 Qxc7 31. Nf5 Be6 32. Nxd6 Qe7 33. Nde4 Rbe8 34. Red1 f5 35. Qxg5 fxe4 36. Qxe5+ Qf6 37. Qxf6+ Rxf6 38. Nxe4 Rf4 39. Ng3 Bxa2 1/2-1/2

[Event "LTU-chT"]
[Site "Lithuania"]
[Date "2019.01.26"]
[Round "1.10"]
[White "Mockus, Dziugas"]
[Black "Sumskis, Rimvydas"]
[Result "0-1"]
[WhiteElo "1702"]
[BlackElo "2004"]
[PlyCount "102"]
[EventDate "2019.01.26"]
[EventType "team-swiss"]
[EventRounds "7"]
[EventCountry "LTU"]
[SourceTitle "CBM 188 Extra"]
[Source "ChessBase"]
[SourceDate "2019.02.26"]
[SourceVersion "1"]
[SourceVersionDate "2019.02.26"]
[SourceQuality "1"]
[WhiteTeam "Marijampole Suduvos Ateitis"]
[BlackTeam "Marijampole Suduva"]
[WhiteTeamCountry "LTU"]
[BlackTeamCountry "LTU"]

1. f4 d5 2. Nf3 Bg4 3. e3 Nf6 4. Be2 Bxf3 5. Bxf3 Nbd7 6. 0-0 e5 7. d3 Be7 8. Nc3 c6 9. Kh1 Qc7 10. g3 0-0-0 11. e4 dxe4 12. Nxe4 Nxe4 13. Bxe4 Bd6 14. Be3 Kb8 15. Bg2 h5 16. h4 Nf6 17. fxe5 Bxe5 18. Bf4 Rhe8 19. Qf3 Bxf4 20. Qxf4 Qxf4 21. Rxf4 Re2 22. Rc4 Re3 23. Rb1 Rde8 24. Rc5 Rxg3 25. Rg5 Rg4 26. Rxg4 hxg4 27. Kg1 Re2 28. c3 g6 29. Rf1 Re6 30. d4 Kc7 31. c4 Kd7 32. d5 cxd5 33. Bxd5 Nxd5 34. cxd5 Re7 35. Rf6 Ke8 36. Kf2 Re5 37. d6 Kf8 38. Kg3 Rd5 39. Kxg4 Kg7 40. Rf4 Rxd6 41. h5 gxh5+ 42. Kxh5 Rd5+ 43. Kg4 Kg6 44. Rc4 Rd2 45. Rb4 b6 46. a3 Rg2+ 47. Kf4 Rh2 48. Ke5 f5 49. Rb3 Re2+ 50. Kd6 Kg5 51. Kc7 f4 0-1

[Event "Vilnius Zavanelli Memorial op-B"]
[Site "Vilnius"]
[Date "2018.10.28"]
[Round "6"]
[White "Sumskis, Rimvydas"]
[Black "Navumenka, Mikhei"]
[Result "0-1"]
[WhiteElo "2029"]
[BlackElo "1926"]
[PlyCount "78"]
[EventDate "2018.10.25"]
[EventType "swiss"]
[EventRounds "7"]
[EventCountry "LTU"]
[SourceTitle "EXT 2021"]
[Source "ChessBase"]
[SourceDate "2020.10.23"]
[SourceVersion "1"]
[SourceVersionDate "2020.10.23"]
[SourceQuality "1"]

1. e4 e6 2. d4 d5 3. exd5 exd5 4. Nf3 Bd6 5. c4 dxc4 6. Bxc4 Nf6 7. 0-0 0-0 8. Bg5 Bg4 9. Nbd2 Nbd7 10. Qb3 Nb6 11. Ne5 Nxc4 12. Nxg4 Nxd2 13. Nxf6+ Qxf6 14. Bxd2 Qxd4 15. Bc3 Qb6 16. Qc4 Rfe8 17. Rad1 Qc5 18. Qg4 Bf8 19. Qf3 c6 20. Rd7 Re7 21. Rfd1 Rae8 22. h4 h6 23. Qf4 Qh5 24. R1d3 Re4 25. Qf3 Qxf3 26. Rxf3 R4e7 27. Rfd3 b5 28. Rxe7 Bxe7 29. Rd7 a6 30. Ra7 b4 31. Bd2 Bxh4 32. Be3 Bg5 33. Bxg5 hxg5 34. Kf1 Re5 35. Rxa6 Rc5 36. a3 b3 37. a4 Rc2 38. Rb6 Rxb2 39. Rxc6 Ra2 0-1

[Event "LTU-chT"]
[Site "Lithuania"]
[Date "2018.04.15"]
[Round "7.1"]
[White "Sumskis, Rimvydas"]
[Black "Stremavicius, Pijus"]
[Result "1/2-1/2"]
[WhiteElo "2068"]
[BlackElo "1862"]
[PlyCount "63"]
[EventDate "2018.01.27"]
[EventType "team-swiss"]
[EventRounds "7"]
[EventCountry "LTU"]
[SourceTitle "EXT 2019"]
[Source "ChessBase"]
[SourceDate "2018.10.10"]
[SourceVersion "1"]
[SourceVersionDate "2018.10.10"]
[SourceQuality "1"]
[WhiteTeam "Marijampole Suduva"]
[BlackTeam "Kaunas Margiris II"]
[WhiteTeamCountry "LTU"]
[BlackTeamCountry "LTU"]

1. Nf3 Nf6 2. c4 b6 3. g3 e6 4. Bg2 Bb7 5. 0-0 Be7 6. Nc3 0-0 7. d4 Ne4 8. d5 Nxc3 9. bxc3 c5 10. e4 d6 11. Qc2 exd5 12. cxd5 Nd7 13. c4 Bf6 14. Bb2 Re8 15. Rfe1 Bc8 16. a4 a6 17. Nd2 Bxb2 18. Qxb2 Ne5 19. Ra3 Rb8 20. f4 Ng6 21. Rb3 Re7 22. e5 Bf5 23. Be4 Bxe4 24. Nxe4 dxe5 25. f5 Nf8 26. f6 Re8 27. Rb1 Nd7 28. fxg7 Qe7 29. Qf2 Kxg7 30. Qf5 Rf8 31. g4 f6 32. Ng3 1/2-1/2

[Event "Kaunas Butnorius 70 op"]
[Site "Kaunas"]
[Date "2016.08.07"]
[Round "9"]
[White "Sumskis, Rimvydas"]
[Black "Player, Edmund C"]
[Result "0-1"]
[WhiteElo "2096"]
[BlackElo "2236"]
[PlyCount "60"]
[EventDate "2016.08.01"]
[EventType "swiss"]
[EventRounds "9"]
[EventCountry "LTU"]
[SourceTitle "CBM 173 Extra"]
[Source "ChessBase"]
[SourceDate "2016.08.29"]
[SourceVersion "1"]
[SourceVersionDate "2016.08.29"]
[SourceQuality "1"]

1. e4 e6 2. d4 d5 3. exd5 exd5 4. c4 Nf6 5. Nc3 Bb4 6. Nf3 0-0 7. Be2 Nc6 8. 0-0 dxc4 9. Bxc4 Bg4 10. Be3 Bd6 11. h3 Bh5 12. a3 Qd7 13. Bg5 Bxf3 14. Qxf3 Nxd4 15. Qd3 Qf5 16. Qxf5 Nxf5 17. Rad1 Be5 18. Rfe1 Rfe8 19. g3 Bxc3 20. bxc3 Nd6 21. Bb3 Nfe4 22. Be3 Re7 23. Bf4 Kf8 24. Rc1 Rae8 25. Red1 g5 26. Be3 Nxg3 27. Kg2 Ne2 28. Bxg5 Nxc1 29. Bh6+ Kg8 30. Kh2 Ne2 0-1

[Event "Kaunas Butnorius 70 op"]
[Site "Kaunas"]
[Date "2016.08.05"]
[Round "7"]
[White "Sumskis, Rimvydas"]
[Black "Dainauskas, Juozas"]
[Result "1-0"]
[WhiteElo "2096"]
[BlackElo "1910"]
[PlyCount "41"]
[EventDate "2016.08.01"]
[EventType "swiss"]
[EventRounds "9"]
[EventCountry "LTU"]
[SourceTitle "CBM 173 Extra"]
[Source "ChessBase"]
[SourceDate "2016.08.29"]
[SourceVersion "1"]
[SourceVersionDate "2016.08.29"]
[SourceQuality "1"]

1. e4 e6 2. d4 d5 3. exd5 exd5 4. Nf3 Bd6 5. c4 c6 6. Bd3 dxc4 7. Bxc4 Nf6 8. 0-0 0-0 9. Bg5 Nbd7 10. Nc3 h6 11. Bh4 Nb6 12. Bb3 Bg4 13. Qd3 Bh5 14. Rfe1 g5 15. Bg3 Bxg3 16. hxg3 Qd6 17. Qf5 Nbd5 18. Nxd5 Nxd5 19. Ne5 Rad8 20. Qh3 f6 21. Nc4 1-0

[Event "Kaunas Butnorius 70 op"]
[Site "Kaunas"]
[Date "2016.08.02"]
[Round "3"]
[White "Westerinen, Heikki MJ"]
[Black "Sumskis, Rimvydas"]
[Result "1/2-1/2"]
[WhiteElo "2313"]
[BlackElo "2096"]
[PlyCount "83"]
[EventDate "2016.08.01"]
[EventType "swiss"]
[EventRounds "9"]
[EventCountry "LTU"]
[SourceTitle "CBM 173 Extra"]
[Source "ChessBase"]
[SourceDate "2016.08.29"]
[SourceVersion "1"]
[SourceVersionDate "2016.08.29"]
[SourceQuality "1"]

1. e4 e6 2. d4 d5 3. Nd2 Be7 4. e5 c5 5. c3 Nc6 6. Ndf3 Bd7 7. Bd3 cxd4 8. cxd4 Nh6 9. Ne2 Nf5 10. 0-0 Qb6 11. Bxf5 exf5 12. Nf4 Be6 13. b3 h6 14. Bb2 Rc8 15. a3 Na5 16. Nd2 Bg5 17. Nxe6 Qxe6 18. f4 Be7 19. b4 Nc4 20. Nxc4 Rxc4 21. Rc1 Rxc1 22. Qxc1 Qd7 23. Qc2 0-0 24. Rc1 g6 25. Qc7 Rd8 26. b5 Kf8 27. Qxd7 Rxd7 28. Rc8+ Kg7 29. Kf2 b6 30. Ke3 Bf8 31. Kd3 Be7 32. Kc3 g5 33. g3 Kg6 34. a4 Kh5 35. Bc1 Kg4 36. Rh8 Rc7+ 37. Kb2 Rc4 38. Rxh6 Rb4+ 39. Kc2 Rc4+ 40. Kb1 Rb4+ 41. Kc2 Rc4+ 42. Kb1 1/2-1/2

[Event "Klaipeda Sea op-A 13th"]
[Site "Klaipeda"]
[Date "2016.07.29"]
[Round "5"]
[White "Sumskis, Rimvydas"]
[Black "Pidluznij, Gleb"]
[Result "1-0"]
[WhiteElo "2096"]
[BlackElo "1584"]
[PlyCount "97"]
[EventDate "2016.07.25"]
[EventType "swiss"]
[EventRounds "7"]
[EventCountry "LTU"]
[SourceTitle "EXT 2018"]
[Source "ChessBase"]
[SourceDate "2017.10.13"]
[SourceVersion "1"]
[SourceVersionDate "2017.10.13"]
[SourceQuality "1"]

1. Nf3 d5 2. b3 Bf5 3. Bb2 e6 4. e3 Nf6 5. Be2 Be7 6. 0-0 Nbd7 7. Ne5 Nxe5 8. Bxe5 Bd6 9. Bxd6 Qxd6 10. d4 c5 11. c4 0-0 12. cxd5 Nxd5 13. Bf3 Bxb1 14. Qxb1 cxd4 15. exd4 Rac8 16. Qb2 Rc6 17. Rac1 Rfc8 18. Rxc6 Qxc6 19. Qa3 a6 20. g3 g6 21. Bxd5 Qxd5 22. Rc1 Rd8 23. Qe7 Rd7 24. Rc8+ Kg7 25. Qf8+ Kf6 26. Qh8+ Kf5 27. Rc5 Qxc5 28. dxc5 h5 29. Qc8 Re7 30. c6 bxc6 31. Qxc6 e5 32. Qxa6 e4 33. Qc8+ Re6 34. a4 g5 35. a5 Kg4 36. a6 Kf3 37. Qxe6 fxe6 38. a7 h4 39. gxh4 gxh4 40. a8Q Kf4 41. Kg2 Ke5 42. Kh3 Kf5 43. Kxh4 Kf4 44. Qf8+ Ke5 45. Kg3 Kd5 46. Kf4 e3 47. fxe3 e5+ 48. Kf5 Kc6 49. Kxe5 1-0

[Event "Klaipeda Sea op-A 13th"]
[Site "Klaipeda"]
[Date "2016.07.27"]
[Round "3"]
[White "Sumskis, Rimvydas"]
[Black "Pakalniskis, Romas"]
[Result "1-0"]
[WhiteElo "2096"]
[BlackElo "1798"]
[PlyCount "89"]
[EventDate "2016.07.25"]
[EventType "swiss"]
[EventRounds "7"]
[EventCountry "LTU"]
[SourceTitle "EXT 2018"]
[Source "ChessBase"]
[SourceDate "2017.10.13"]
[SourceVersion "1"]
[SourceVersionDate "2017.10.13"]
[SourceQuality "1"]

1. Nf3 c5 2. e4 Nc6 3. Bb5 e6 4. 0-0 a6 5. Bxc6 bxc6 6. e5 d5 7. exd6 Bxd6 8. d3 Nf6 9. Bg5 h6 10. Bh4 g5 11. Bg3 Nd5 12. Bxd6 Qxd6 13. Nbd2 Bb7 14. Nc4 Qc7 15. Nfd2 0-0-0 16. Nb3 Nb6 17. Nxb6+ Qxb6 18. Qe1 Rd5 19. Na5 h5 20. Nc4 Qc7 21. Qc3 Rhd8 22. Rfe1 g4 23. Re4 Rg5 24. Rae1 h4 25. Re5 Rgg8 26. Qa5 Qxa5 27. Nxa5 g3 28. fxg3 hxg3 29. h3 Rd5 30. R1e4 Kc7 31. Nxb7 Kxb7 32. Kf1 Rxe5 33. Rxe5 Kc7 34. Rxc5 Kd6 35. Rc4 f5 36. Ke2 e5 37. Kf3 Kd5 38. Ra4 Rb8 39. b3 c5 40. Kxg3 Rg8+ 41. Kf3 f4 42. Rxa6 Rg3+ 43. Kf2 e4 44. dxe4+ Kxe4 45. Ra4+ 1-0

[Event "LTU Grand Prix-chT"]
[Site "Kaunas"]
[Date "2016.04.03"]
[Round "5.2"]
[White "Arulis, Algimantas I"]
[Black "Sumskis, Rimvydas"]
[Result "1/2-1/2"]
[WhiteElo "2070"]
[BlackElo "2093"]
[PlyCount "46"]
[EventDate "2016.02.21"]
[EventType "team-swiss"]
[EventRounds "6"]
[EventCountry "LTU"]
[SourceTitle "EXT 2017"]
[Source "ChessBase"]
[SourceDate "2016.10.25"]
[SourceVersion "1"]
[SourceVersionDate "2016.10.25"]
[SourceQuality "1"]

1. e4 e6 2. d4 d5 3. e5 c5 4. c3 Qb6 5. a3 c4 6. Ne2 Bd7 7. Ng3 Nc6 8. Nd2 Na5 9. Be2 0-0-0 10. 0-0 g6 11. Nf3 Nb3 12. Rb1 h6 13. Be3 Ba4 14. Qe1 Ne7 15. Nd2 Nc6 16. Bd1 Nxd2 17. Qxd2 Bxd1 18. Qxd1 Na5 19. Qf3 Qc7 20. h4 h5 21. Bg5 Re8 22. Qf6 Rh7 23. Qf4 Nb3 1/2-1/2

[Event "LTU-chT"]
[Site "Lithuania"]
[Date "2016.02.06"]
[Round "3.1"]
[White "Grybas, Gintaras"]
[Black "Sumskis, Rimvydas"]
[Result "1/2-1/2"]
[WhiteElo "1992"]
[BlackElo "2093"]
[PlyCount "106"]
[EventDate "2016.01.23"]
[EventType "team-swiss"]
[EventRounds "7"]
[EventCountry "LTU"]
[SourceTitle "CBM 170 Extra"]
[Source "ChessBase"]
[SourceDate "2016.02.25"]
[SourceVersion "1"]
[SourceVersionDate "2016.02.25"]
[SourceQuality "1"]
[WhiteTeam "LASF"]
[BlackTeam "Marijampole Suduva"]
[WhiteTeamCountry "LTU"]
[BlackTeamCountry "LTU"]

1. d4 Nf6 2. c4 e6 3. Nf3 b6 4. g3 Bb7 5. Bg2 Bb4+ 6. Nbd2 0-0 7. 0-0 d5 8. Ne5 Nbd7 9. Ndf3 Be7 10. Bg5 c5 11. Rc1 dxc4 12. Nxc4 Bd5 13. Ne3 Be4 14. Ne5 Bxg2 15. Kxg2 Nxe5 16. dxe5 Nd5 17. Nxd5 Bxg5 18. Nf4 Bxf4 19. gxf4 Qe7 20. Qa4 Rfd8 21. Rfd1 h6 22. Rxd8+ Rxd8 23. Rd1 a5 24. f3 Rxd1 25. Qxd1 c4 26. Qd6 Qb7 27. a4 Kh7 28. Kf2 b5 29. Qc5 bxa4 30. Qxc4 Qxb2 31. Qe4+ g6 32. Qxa4 Qb6+ 33. Kf1 Qe3 34. h3 h5 35. Ke1 Kg7 36. Kd1 Qg1+ 37. Kd2 Qc5 38. Kd3 Qd5+ 39. Ke3 g5 40. Kf2 Qc5+ 41. e3 Qb4 42. Qxb4 axb4 43. Ke2 gxf4 44. e4 f5 45. exf5 exf5 46. Kd3 Kf7 47. Kc4 Ke6 48. Kxb4 Kxe5 49. Kc5 h4 50. Kc4 Ke6 51. Kd4 Kd6 52. Kc4 Kc6 53. Kd4 Kd6 1/2-1/2

[Event "LTU-chT"]
[Site "Lithuania"]
[Date "2015.02.16"]
[Round "5.4"]
[White "Sumskis, Rimvydas"]
[Black "Genutis, Mindaugas"]
[Result "1/2-1/2"]
[WhiteElo "2098"]
[BlackElo "2306"]
[PlyCount "144"]
[EventDate "2015.01.24"]
[EventType "team-tourn"]
[EventRounds "7"]
[EventCountry "LTU"]
[SourceTitle "EXT 2016"]
[Source "ChessBase"]
[SourceDate "2015.10.08"]
[SourceVersion "1"]
[SourceVersionDate "2015.10.08"]
[SourceQuality "1"]
[WhiteTeam "Marijampole Suduva"]
[BlackTeam "Kaunas Milsa"]
[WhiteTeamCountry "LTU"]
[BlackTeamCountry "LTU"]

1. b3 d5 2. Bb2 c5 3. Nf3 Nf6 4. e3 g6 5. c4 Bg7 6. cxd5 0-0 7. Bc4 Nxd5 8. Bxg7 Kxg7 9. 0-0 Nc6 10. d4 cxd4 11. Nxd4 Ndb4 12. Nxc6 Nxc6 13. Nc3 Qa5 14. Qc2 Rd8 15. Rfd1 Bg4 16. Be2 Bf5 17. Qb2 Qe5 18. Na4 Qxb2 19. Nxb2 Bc2 20. Rxd8 Rxd8 21. Nc4 Bd3 22. Kf1 Bxc4 23. Bxc4 Rd2 24. Ke1 Rb2 25. Rd1 Rxa2 26. Rd7 b6 27. Rc7 Ne5 28. Rxe7 Nxc4 29. bxc4 Kf6 30. Rc7 h5 31. g3 Ke6 32. Kf1 g5 33. h3 g4 34. h4 f6 35. Rh7 a6 36. Rb7 Rb2 37. c5 b5 38. Rb6+ Kd5 39. Rxa6 f5 40. c6 Rc2 41. Rb6 Kc5 42. Rb8 Kb4 43. Rc8 Kb3 44. c7 b4 45. Rf8 Rxc7 46. Rxf5 Rh7 47. Ke2 Kb2 48. Rb5 b3 49. e4 Kc2 50. Rg5 Kb1 51. f4 gxf3+ 52. Kxf3 b2 53. Rb5 Rf7+ 54. Ke3 Kc2 55. e5 b1Q 56. Rxb1 Kxb1 57. Ke4 Rg7 58. e6 Rxg3 59. e7 Rg1 60. Kf5 Re1 61. Kf6 Kc2 62. Kf7 Kd3 63. Kg6 Rxe7 64. Kxh5 Ke4 65. Kg6 Re6+ 66. Kg5 Re5+ 67. Kg6 Re6+ 68. Kg5 Ke5 69. h5 Ra6 70. h6 Ra1 71. h7 Rg1+ 72. Kh6 Rh1+ 1/2-1/2